000 00799nam a2200265Ia 4500
003 OSt
005 20221006153401.0
006 a|||||r|||| 00| 0
007 ta
008 221006b |||||||| |||| 00| 0 eng d
020 _a9780804722599
_c¥10,140
024 _a32,185
037 _bGift, Japan Foundation
_cTextual
040 _aEASL
_cEASL
_beng
041 _2eng
_aeng
082 _aO42,3M79, N4
100 _aKAFU Nagai
_9663663
245 0 _aDuring the rains and flowlers in the shade
_b Two novellas
260 _aStanford
_bStanford University Press
_c1994
300 _a223p.
_ccm.
490 _v JEL
700 _a DUNLOP Lane Tr.
_9663664
942 _hO42,3M79, N4
_cTEXL
_2CC
999 _c1100271
_d1100271